[Event "Sparkassen-Open A"]
[Site "Heusenstamm, Martinsee"]
[Date "2024.11.21"]
[Round "1.26"]
[White "Ziegler, Christopher"]
[Black "Wolf, Helena"]
[Result "1-0"]
[WhiteElo "1733"]
[BlackElo "1598"]
[PlyCount "65"]
[EventDate "2024.11.21"]
[WhiteTeam "SV 1920 Kelsterbach"]
[BlackTeam "SK Bad Homburg 1927"]

1. e4 c5 2. Nc3 d6 3. f4 Nc6 4. Nf3 Nf6 5. Bc4 e6 6. O-O Be7 7. d3 d5 8. Bb3 O-O 9. Qe1 a6 10. Qg3 Kh8 11. Bd2 Na5 12. Ne5 b5 13. exd5 Qb6 14. dxe6 c4+ 15. Be3 Bc5 16. Bxc5 Qxc5+ 17. Kh1 cxb3 18. axb3 Qc7 19. Nxf7+ Kg8 20. Rae1 Bxe6 21. Nh6+ Kh8 22. Rxe6 gxh6 23. Rfe1 Nc6 24. Qh4 Ng8 25. Nd5 Qb7 26. c3 Rad8 27. Nf6 Rxd3 28. Nxg8 Kxg8 29. Qxh6 Rc8 30. Re8+ Rxe8 31. Rxe8+ Kf7 32. Qe6+ Kg7 33. Rg8# 1-0

[Event "Sparkassen-Open A"]
[Site "Heusenstamm, Martinsee"]
[Date "2024.11.21"]
[Round "1.27"]
[White "Dick, Markus"]
[Black "Joshi, Kanad"]
[Result "0-1"]
[WhiteElo "1589"]
[BlackElo "1732"]
[PlyCount "62"]
[EventDate "2024.11.21"]
[WhiteTeam "SV 1934 Ffm-Griesheim"]
[BlackTeam "SV Oberursel"]

1. e4 e5 2. Nf3 Nc6 3. Bc4 Bc5 4. c3 Nf6 5. d4 exd4 6. e5 d5 7. Bb5 Ne4 8. cxd4 Bb4+ 9. Bd2 Bxd2+ 10. Nbxd2 Nxd2 11. Qxd2 Bd7 12. O-O O-O 13. Rac1 Ne7 14. Bd3 f6 15. Rfe1 fxe5 16. Nxe5 Bf5 17. Re3 c6 18. Rce1 Bxd3 19. Qxd3 Qd6 20. Rh3 g6 21. Ree3 Nf5 22. Ref3 c5 23. Ng4 Nxd4 24. Nh6+ Kg7 25. Rfg3 Qf4 26. f3 Qc1+ 27. Kf2 Qxb2+ 28. Kf1 Qa1+ 29. Kf2 Qxa2+ 30. Kf1 Rae8 31. Ng4 Qa1+ 0-1

[Event "Sparkassen-Open A"]
[Site "Heusenstamm, Martinsee"]
[Date "2024.11.21"]
[Round "1.28"]
[White "Probstfeld, Bernd"]
[Black "Salomov, Asilbek"]
[Result "0-1"]
[WhiteElo "1730"]
[BlackElo "1589"]
[PlyCount "42"]
[EventDate "2024.11.21"]
[WhiteTeam "SG Pieroth/Burg Layen"]
[BlackTeam "Aachen"]

1. d4 Nf6 2. c4 e6 3. Nf3 d5 4. g3 c5 5. cxd5 exd5 6. b3 Nc6 7. Nc3 cxd4 8. Nxd4 Bb4 9. Bb2 Ne4 10. Rc1 Qf6 11. f3 Nxc3 12. Bxc3 Bxc3+ 13. Rxc3 Qxd4 14. Rd3 Qb4+ 15. Kf2 d4 16. e3 O-O 17. exd4 Rd8 18. d5 Qc5+ 19. Kg2 Nb4 20. Rd2 Rxd5 21. Rxd5 Nxd5 0-1

[Event "Sparkassen-Open A"]
[Site "Heusenstamm, Martinsee"]
[Date "2024.11.21"]
[Round "1.29"]
[White "Matsoukas, Konstantinos"]
[Black "Eckert, Michael"]
[Result "0-1"]
[WhiteElo "1584"]
[BlackElo "1729"]
[PlyCount "59"]
[EventDate "2024.11.21"]
[WhiteTeam "SAbt TuS Makkabi Ffm"]
[BlackTeam "SK Herborn 1946"]

1. e4 e5 2. Nf3 Nc6 3. d4 exd4 4. Bc4 Nf6 5. e5 d5 6. Bb5 Ne4 7. Nxd4 Bd7 8. Bxc6 bxc6 9. O-O Bc5 10. Be3 O-O 11. f3 Ng5 12. f4 Ne4 13. Nd2 f5 14. Nxf5 Bxf5 15. Bxc5 Nxc5 16. g4 Be4 17. f5 Qg5 18. Nxe4 Nxe4 19. Qe2 Qd2 20. Rae1 Qxe2 21. Rxe2 Rae8 22. e6 g6 23. c4 Re7 24. Rd1 gxf5 25. cxd5 cxd5 26. Rxd5 Nf6 27. Rxf5 Nxg4 28. Rd5 Rfe8 29. Rg2 Rg7 30. Rd7 0-1

[Event "Sparkassen-Open A"]
[Site "Heusenstamm, Martinsee"]
[Date "2024.11.21"]
[Round "1.30"]
[White "Gärtner, David"]
[Black "Jeuken, Thomas"]
[Result "1-0"]
[WhiteElo "1722"]
[BlackElo "1583"]
[PlyCount "51"]
[EventDate "2024.11.21"]
[WhiteTeam "Sfr.Mainz 1928"]
[BlackTeam "Schachverein Opladen 1922 e. V."]

1. d4 Nf6 2. c4 g6 3. Nc3 Bg7 4. e4 O-O 5. Be2 c6 6. Nf3 d6 7. h3 Bd7 8. O-O h6 9. Be3 Qc8 10. Qd2 g5 11. Nh2 e5 12. dxe5 dxe5 13. h4 Nh7 14. hxg5 hxg5 15. Bxg5 Na6 16. Rad1 Be6 17. Qe3 Nxg5 18. Qxg5 f6 19. Qg3 Qc7 20. b3 Qf7 21. Bg4 Kh7 22. Qh4+ Bh6 23. Bxe6 Qxe6 24. Ng4 f5 25. Nxh6 Qxh6 26. Rd7+ 1-0

[Event "Sparkassen-Open A"]
[Site "Heusenstamm, Martinsee"]
[Date "2024.11.21"]
[Round "1.33"]
[White "Kim, David"]
[Black "Burow, Roger"]
[Result "0-1"]
[WhiteElo "1568"]
[BlackElo "1716"]
[PlyCount "102"]
[EventDate "2024.11.21"]
[WhiteTeam "SV 1920 Hofheim"]
[BlackTeam "SV 1920 Kelsterbach"]

1. e4 d5 2. exd5 Nf6 3. Bb5+ Bd7 4. Bxd7+ Qxd7 5. Nc3 Nxd5 6. Nxd5 Qxd5 7. Qf3 Qe5+ 8. Qe3 Nc6 9. Nf3 Qb5 10. d3 O-O-O 11. a3 e6 12. O-O Bc5 13. Qg5 f5 14. Qxg7 Nd4 15. Nxd4 Bxd4 16. Qe7 Qc6 17. c3 Rd7 18. Qg5 Rg7 19. cxd4 Rxg5 20. Bxg5 Rg8 21. Rac1 Qd5 22. Rc5 Qxd4 23. Be3 Qxd3 24. Rfc1 Rg7 25. R5c3 Qd5 26. f3 c6 27. Bxa7 h5 28. Bf2 Rd7 29. R3c2 Qb3 30. Bg3 Rd1+ 31. Rxd1 Qxc2 32. Re1 Qxb2 33. Rxe6 Qxa3 34. Re1 b5 35. h3 Qc3 36. Rb1 b4 37. Be1 Qd4+ 38. Bf2 Qc4 39. Ra1 b3 40. Ra8+ Kb7 41. Ra7+ Kb8 42. Re7 b2 43. Re8+ Kc7 44. Bb6+ Kxb6 45. Rb8+ Kc5 46. Kh2 Qf4+ 47. Kg1 Qxb8 48. Kf2 Kd4 49. h4 b1=Q 50. g4 f4 51. gxh5 Q8b2# 0-1

[Event "Sparkassen-Open A"]
[Site "Heusenstamm, Martinsee"]
[Date "2024.11.21"]
[Round "1.34"]
[White "Marshall, Anton Florian"]
[Black "Englert, Ann"]
[Result "1-0"]
[WhiteElo "1712"]
[BlackElo "1567"]
[PlyCount "86"]
[EventDate "2024.11.21"]
[WhiteTeam "Lübeck"]
[BlackTeam "TV-Großostheim 1900 e.V."]

1. e4 c5 2. Nc3 Nc6 3. Bb5 g6 4. f4 Bg7 5. Nf3 a6 6. Bxc6 bxc6 7. d3 Nf6 8. O-O O-O 9. Qe1 Bb7 10. f5 d5 11. Qh4 Qc7 12. e5 Ne8 13. fxg6 fxg6 14. Bh6 e6 15. Ng5 Rxf1+ 16. Rxf1 Qxe5 17. Rf7 Qd4+ 18. Qxd4 cxd4 19. Bxg7 Nxg7 20. Ne2 Rb8 21. Rc7 e5 22. Re7 Bc8 23. b3 Bg4 24. Rxe5 h6 25. Nf3 Nf5 26. Nexd4 Nxd4 27. Nxd4 Rc8 28. h3 Bd7 29. Kf2 Kf7 30. Nf3 Kf6 31. Ke3 Bf5 32. g4 Bd7 33. Kd4 a5 34. Kc5 Be6 35. Kd6 Bf7 36. h4 c5 37. g5+ hxg5 38. hxg5+ Kg7 39. Re7 c4 40. Ne5 Rd8+ 41. Kc5 Rf8 42. Rxf7+ Rxf7 43. Nxf7 Kxf7 1-0

[Event "Sparkassen-Open A"]
[Site "Heusenstamm, Martinsee"]
[Date "2024.11.21"]
[Round "1.35"]
[White "Hellmann, Alexander"]
[Black "Welther, Patrick"]
[Result "0-1"]
[WhiteElo "1556"]
[BlackElo "1711"]
[PlyCount "130"]
[EventDate "2024.11.21"]
[WhiteTeam "SJ Herborn 1998"]
[BlackTeam "SC 1934 Gelnhausen"]

1. e4 d6 2. d4 Nf6 3. Nc3 g6 4. Nf3 Bg7 5. Be3 O-O 6. Bd3 c6 7. O-O b5 8. Ne2 Nbd7 9. c3 e5 10. Qc2 Qc7 11. Rac1 a5 12. a3 Ba6 13. Rfd1 Rfd8 14. a4 Rac8 15. axb5 cxb5 16. d5 Ng4 17. Qd2 Nc5 18. Bc2 Nxe3 19. Qxe3 a4 20. Ra1 Qb7 21. Qd2 Rc7 22. Nc1 Re8 23. Na2 Qb6 24. Nb4 Bb7 25. Qe2 Bh6 26. Bd3 Nxd3 27. Qxd3 Ra8 28. Ra2 Rc4 29. Nd2 Bxd2 30. Rxd2 Qc7 31. Ra1 a3 32. Nc6 Bxc6 33. b3 Rc5 34. b4 Rc4 35. dxc6 Qxc6 36. Qxd6 Qxd6 37. Rxd6 Rxc3 38. Rb6 Rac8 39. Rf1 Rc1 40. Ra6 R8c3 41. f3 Rxf1+ 42. Kxf1 Rb3 43. Kf2 Rb2+ 44. Kg3 a2 45. h3 Kg7 46. Kh2 Kh6 47. h4 Kh5 48. Kg3 g5 49. hxg5 Kxg5 50. Ra8 h5 51. Rg8+ Kf6 52. Ra8 h4+ 53. Kxh4 Rxg2 54. Kh3 Rb2 55. Kg4 Ke6 56. Ra6+ Ke7 57. Kf5 f6 58. Kg4 Rxb4 59. Rxa2 Rd4 60. Kg3 b4 61. Kf2 Kd6 62. Ke3 Kc5 63. Ra5+ Kc4 64. Ra4 Rd3+ 65. Ke2 Ra3 0-1

[Event "Sparkassen-Open A"]
[Site "Heusenstamm, Martinsee"]
[Date "2024.11.21"]
[Round "1.36"]
[White "Hasenpflug, Till"]
[Black "Wambach, Johannes"]
[Result "1-0"]
[WhiteElo "1710"]
[BlackElo "1550"]
[PlyCount "55"]
[EventDate "2024.11.21"]
[WhiteTeam "SK Bad Homburg 1927"]
[BlackTeam "SK 1982 Klingenberg e.V."]

1. e4 d6 2. d4 Nf6 3. Nc3 Nbd7 4. Bd3 e5 5. Nf3 Be7 6. Bc4 c6 7. O-O Qc7 8. Bb3 h6 9. h3 g5 10. Nh2 Nf8 11. f3 Ng6 12. Ne2 Nf4 13. Bxf4 gxf4 14. Ng4 h5 15. Nxf6+ Bxf6 16. dxe5 dxe5 17. Qd2 Bd7 18. Rad1 O-O-O 19. Qc3 Rh7 20. Nxf4 Bh4 21. Nd3 Rg8 22. Kh1 Rhg7 23. Rd2 Bg3 24. Rfd1 Bxh3 25. gxh3 Qd7 26. Nf2 Bxf2 27. Rxd7 Rg3 28. Rd8+ 1-0

[Event "Sparkassen-Open A"]
[Site "Heusenstamm, Martinsee"]
[Date "2024.11.21"]
[Round "1.37"]
[White "Eitel, Liz"]
[Black "Rafikov, Damir"]
[Result "1-0"]
[WhiteElo "1546"]
[BlackElo "1709"]
[PlyCount "88"]
[EventDate "2024.11.21"]
[WhiteTeam "SAbt SV Werder Bremen"]
[BlackTeam "SK 1947 Sandhausen e.V."]

1. e4 e5 2. Nf3 Nc6 3. Bc4 Bc5 4. c3 d6 5. d4 exd4 6. cxd4 Bb4+ 7. Nc3 Bg4 8. d5 Ne5 9. Qa4+ Ke7 10. Qxb4 Bxf3 11. gxf3 Nxf3+ 12. Kd1 Qc8 13. Be2 Ne5 14. Qd4 f6 15. Rg1 g6 16. f4 Nf7 17. Bg4 Qf8 18. Re1 h5 19. Be6 Nd8 20. e5 fxe5 21. Bxg8 Rxg8 22. Qe4 Nf7 23. Bd2 Kd7 24. fxe5 Nxe5 25. Kc2 Re8 26. Qa4+ Kc8 27. Qxa7 Qf5+ 28. Kb3 Qd3 29. Qe3 Qc4+ 30. Kc2 Kd7 31. Qh3+ Ng4 32. Rxe8 Rxe8 33. Qd3 Qxd3+ 34. Kxd3 Nxh2 35. Rg1 Nf3 36. Rf1 Ne5+ 37. Kd4 c5+ 38. dxc6+ bxc6 39. Ne4 Ng4 40. Nf6+ Nxf6 41. Rxf6 c5+ 42. Kd3 Rg8 43. Bf4 d5 44. Rd6+ Kc7 1-0

[Event "Sparkassen-Open A"]
[Site "Heusenstamm, Martinsee"]
[Date "2024.11.21"]
[Round "1.38"]
[White "Nguyen, Minh An"]
[Black "Barth, Horst"]
[Result "1-0"]
[WhiteElo "1708"]
[BlackElo "1538"]
[PlyCount "53"]
[EventDate "2024.11.21"]
[WhiteTeam "SV 1920 Hofheim"]
[BlackTeam "Sfr.Mainz 1928"]

1. d4 Nf6 2. Bf4 d5 3. e3 Bf5 4. Nf3 e6 5. Bd3 Bxd3 6. Qxd3 h6 7. Qb5+ Nc6 8. Qxb7 Na5 9. Qxc7 Qxc7 10. Bxc7 Nb7 11. Bf4 Bd6 12. Bxd6 Nxd6 13. Nbd2 Nd7 14. O-O f6 15. Rfc1 Nb6 16. a4 Kd7 17. Nb3 Rhe8 18. a5 Nbc4 19. Nc5+ Ke7 20. b3 Nb6 21. axb6 axb6 22. Rxa8 Rxa8 23. Nd3 Nb5 24. c4 dxc4 25. bxc4 Nd6 26. Kf1 Rc8 27. c5 1-0

[Event "Sparkassen-Open A"]
[Site "Heusenstamm, Martinsee"]
[Date "2024.11.21"]
[Round "1.39"]
[White "Aravindhan, Aadvik"]
[Black "Rafikova, Ailin"]
[Result "0-1"]
[WhiteElo "1529"]
[BlackElo "1655"]
[PlyCount "104"]
[EventDate "2024.11.21"]
[WhiteTeam "Club Zukertort"]
[BlackTeam "SK 1947 Sandhausen e.V."]

1. e4 c6 2. d4 d5 3. exd5 cxd5 4. Nf3 Bf5 5. Bd3 Bxd3 6. Qxd3 Nc6 7. Bd2 e6 8. a3 Bd6 9. O-O Nge7 10. Nc3 a6 11. Ne2 O-O 12. Ng5 Ng6 13. Qh3 h6 14. Nxe6 fxe6 15. Qxe6+ Kh7 16. Qg4 Qh4 17. Qxh4 Nxh4 18. Be3 Nf5 19. Nc3 Ncxd4 20. Nxd5 Nxc2 21. Rac1 Ncxe3 22. Nxe3 Nxe3 23. fxe3 Rxf1+ 24. Rxf1 Bc5 25. Rf3 Rf8 26. Rxf8 Bxf8 27. Kf2 Kg6 28. g4 Kf6 29. Kf3 Ke5 30. h4 Be7 31. h5 Bg5 32. b3 b6 33. a4 a5 34. e4 Bf4 35. Ke2 Kxe4 36. Kd1 Kd3 37. Ke1 Kc3 38. b4 axb4 39. g5 Bxg5 40. a5 bxa5 41. Ke2 b3 42. Kf3 b2 43. Ke4 b1=Q+ 44. Kd5 Qf5+ 45. Kd6 Kd4 46. Kc6 Qd5+ 47. Kc7 Qe6 48. Kb7 Qd6 49. Kc8 Qe7 50. Kb8 Kc5 51. Kc8 Kc6 52. Kb8 Qb7# 0-1

[Event "Sparkassen-Open A"]
[Site "Heusenstamm, Martinsee"]
[Date "2024.11.21"]
[Round "1.41"]
[White "Faisz, David"]
[Black "Heller, Holger"]
[Result "0-1"]
[WhiteElo "1525"]
[BlackElo "1704"]
[PlyCount "52"]
[EventDate "2024.11.21"]
[WhiteTeam "SK 1926 Ettlingen"]
[BlackTeam "SAbt TuS Dotzheim"]

1. e4 e5 2. Nf3 d6 3. Nc3 Nf6 4. d4 exd4 5. Nxd4 Be7 6. Be3 Nc6 7. Nxc6 bxc6 8. Bd3 Ng4 9. O-O Nxe3 10. fxe3 O-O 11. Qh5 g6 12. Qf3 Be6 13. Qe2 Bf6 14. Qd2 Rb8 15. Rfb1 Be5 16. Qe1 f5 17. h3 Qg5 18. h4 Qf6 19. a3 Rxb2 20. Nd1 Rxb1 21. Rxb1 fxe4 22. Bxe4 d5 23. Bf3 Bf5 24. Qf2 Qd6 25. g4 Bxg4 26. Bxd5+ cxd5 0-1

[Event "Sparkassen-Open A"]
[Site "Heusenstamm, Martinsee"]
[Date "2024.11.21"]
[Round "1.46"]
[White "Traut, Stefan"]
[Black "Junkers, Günter"]
[Result "1-0"]
[WhiteElo "1697"]
[BlackElo "1496"]
[PlyCount "111"]
[EventDate "2024.11.21"]
[WhiteTeam "SF Heusenstamm"]
[BlackTeam "SSG Rödermark/Eppertshausen"]

1. d4 d5 2. Nf3 Nc6 3. c4 dxc4 4. e3 e6 5. Bxc4 Nf6 6. O-O Bd6 7. Nc3 a6 8. b3 O-O 9. Bb2 e5 10. dxe5 Bxe5 11. Nxe5 Nxe5 12. Be2 Qe7 13. Qc2 Nfg4 14. h3 Nh6 15. Rad1 Bf5 16. e4 Bd7 17. Rd2 Nc6 18. a3 Rad8 19. Rfd1 f5 20. Nd5 Qxe4 21. Qxe4 fxe4 22. Nxc7 Bf5 23. Bc4+ Nf7 24. Ne6 Bxe6 25. Bxe6 Rxd2 26. Rxd2 Rd8 27. Rxd8+ Ncxd8 28. Bd5 b5 29. Bxe4 Ne6 30. Bd5 Nc5 31. Bd4 Nd3 32. g3 b4 33. axb4 Nxb4 34. Bc4 Nc2 35. Bc3 Na3 36. Bxa6 Nb1 37. Bb4 Ng5 38. Bc4+ Kh8 39. Kg2 Ne4 40. Bd3 Ned2 41. Bxd2 Nxd2 42. b4 Nb3 43. b5 Nc5 44. Bc4 Na4 45. Kf3 g5 46. Ke4 Kg7 47. Kd5 Nb6+ 48. Kc5 Na4+ 49. Kc6 Kf8 50. b6 Nxb6 51. Kxb6 Ke7 52. Kc5 Kf6 53. Kd4 h5 54. Ke4 g4 55. hxg4 hxg4 56. Kf4 1-0

[Event "Sparkassen-Open A"]
[Site "Heusenstamm, Martinsee"]
[Date "2024.11.21"]
[Round "1.47"]
[White "Tomovski, Leon"]
[Black "Henn, Jochen"]
[Result "1/2-1/2"]
[WhiteElo "1495"]
[BlackElo "1693"]
[PlyCount "91"]
[EventDate "2024.11.21"]
[WhiteTeam "Karlsruher SF 1853"]
[BlackTeam "SC Bad Nauheim"]

1. e4 e5 2. Nf3 Nc6 3. Bc4 Bc5 4. Nc3 d6 5. d3 Nf6 6. Bg5 h6 7. Bh4 Be6 8. Bb3 g5 9. Nxg5 hxg5 10. Bxg5 Rg8 11. h4 Nd4 12. Nd5 Bxd5 13. Bxd5 c6 14. Bb3 Qe7 15. c3 Ne6 16. Qf3 Nxg5 17. hxg5 Rxg5 18. O-O-O O-O-O 19. Kb1 Kb8 20. Rh6 Rg6 21. Rxg6 fxg6 22. Rh1 Nh5 23. Qg4 Qf6 24. f3 Nf4 25. Rh6 Nxd3 26. Rxg6 Qf4 27. Qxf4 Nxf4 28. Rg7 a6 29. g4 d5 30. g5 dxe4 31. fxe4 Rd6 32. Bf7 Rd1+ 33. Kc2 Rg1 34. g6 Be7 35. Rg8+ Ka7 36. Kb3 b5 37. a4 Bf6 38. axb5 axb5 39. Kb4 Nd3+ 40. Kb3 Rg2 41. c4 Rxb2+ 42. Kc3 bxc4 43. Kxc4 Rb8 44. Kxd3 Rxg8 45. Bxg8 Kb6 46. Kc4 1/2-1/2

[Event "Sparkassen-Open A"]
[Site "Heusenstamm, Martinsee"]
[Date "2024.11.21"]
[Round "1.48"]
[White "Verin, Eric"]
[Black "Vranic, Dusan"]
[Result "0-1"]
[WhiteElo "1693"]
[BlackElo "1490"]
[PlyCount "90"]
[EventDate "2024.11.21"]
[WhiteTeam "SC Bergen-Enkheim 1922"]
[BlackTeam "Sabt Frankfurter TV 1860"]

1. Nf3 d5 2. d3 c6 3. g3 Nf6 4. Bg2 Bf5 5. Nbd2 d4 6. O-O Nbd7 7. Nxd4 Bg6 8. e4 e6 9. N2f3 Bh5 10. Qe1 Bxf3 11. Nxf3 h6 12. e5 Nd5 13. a3 g5 14. c4 Nc7 15. b4 g4 16. Nd2 h5 17. Ne4 Nxe5 18. Qc3 Bg7 19. Kh1 Qxd3 20. Bg5 Qxc3 21. Nxc3 Nf3 22. Bxf3 Bxc3 23. Rad1 gxf3 24. Rd3 f6 25. Bh4 Be5 26. Rxf3 Kf7 27. Rd3 Rhd8 28. Rfd1 Ke7 29. Kg2 Rxd3 30. Rxd3 Rd8 31. Re3 Bd6 32. f4 Rg8 33. Kf3 Kf7 34. Rd3 Ne8 35. c5 Bc7 36. Rd7+ Kg6 37. Re7 Kf5 38. Rh7 Ng7 39. Rh6 Bd8 40. h3 e5 41. g4+ hxg4+ 42. hxg4+ Ke6 43. g5 Nf5 44. Rxf6+ Bxf6 45. gxf6 Nxh4+ 0-1

[Event "Sparkassen-Open A"]
[Site "Heusenstamm, Martinsee"]
[Date "2024.11.22"]
[Round "3.1"]
[White "Hofmann, Werner"]
[Black "Rafikova, Ailin"]
[Result "0-1"]
[WhiteElo "1789"]
[BlackElo "1655"]
[PlyCount "132"]
[EventDate "2024.11.21"]
[WhiteTeam "SV 1920 Kelsterbach"]
[BlackTeam "SK 1947 Sandhausen e.V."]

1. d4 d5 2. Bf4 Nf6 3. e3 Bf5 4. Nf3 e6 5. c3 c6 6. Be2 Qb6 7. Qb3 Nbd7 8. Nbd2 c5 9. Qxb6 Nxb6 10. Nh4 Bg6 11. Nxg6 hxg6 12. h3 Rc8 13. O-O cxd4 14. exd4 Be7 15. Bb5+ Nbd7 16. Rfe1 O-O 17. Nf3 a6 18. Bd3 Rc6 19. Re2 b5 20. Rc1 Rfc8 21. a3 Ne8 22. Rec2 Nd6 23. Nd2 Nc4 24. Nxc4 bxc4 25. Be2 Rb6 26. Rd1 Rcc6 27. g3 Rb7 28. h4 Rcb6 29. Bc1 Bd6 30. f4 Nb8 31. Re1 Nc6 32. Bd1 Na5 33. Rh2 Nb3 34. Bxb3 cxb3 35. Ree2 a5 36. Rd2 a4 37. Rhe2 Kf8 38. Kg2 Ke7 39. Kf3 Kd7 40. Ke3 Rb8 41. Kd3 Rh8 42. Rh2 Rbb8 43. Rdg2 Rh7 44. Be3 Rbh8 45. Kd2 Be7 46. Kc1 f6 47. Bg1 Kc6 48. Re2 Kd7 49. Kd1 g5 50. fxg5 fxg5 51. hxg5 Rxh2 52. Rxh2 Rxh2 53. Bxh2 Bxg5 54. Bg1 Kc6 55. Bf2 Kb5 56. Be1 Kc4 57. Bd2 Be7 58. Bc1 Bd6 59. g4 Kd3 60. g5 Ke4 61. Ke2 Kf5 62. Kd3 Bf4 63. Bxf4 Kxf4 64. g6 Kf5 65. c4 dxc4+ 66. Kxc4 Kxg6 0-1

[Event "Sparkassen-Open A"]
[Site "Heusenstamm, Martinsee"]
[Date "2024.11.22"]
[Round "3.2"]
[White "Fettig, Konrad"]
[Black "Fang, Borui"]
[Result "0-1"]
[WhiteElo "1705"]
[BlackElo "1775"]
[PlyCount "68"]
[EventDate "2024.11.21"]
[WhiteTeam "SC ML Kastellaun"]
[BlackTeam "SV Oberursel"]

1. e4 e5 2. Nf3 Nc6 3. Bb5 a6 4. Bxc6 dxc6 5. O-O Bg4 6. d3 Ne7 7. h3 Bxf3 8. Qxf3 Ng6 9. Nc3 Qd7 10. Be3 f6 11. Rfd1 O-O-O 12. d4 exd4 13. Bxd4 Bd6 14. Na4 Qe7 15. Qf5+ Kb8 16. Bc5 Ne5 17. Bxd6 Rxd6 18. Nc3 h5 19. b3 g6 20. Qf4 g5 21. Qe3 g4 22. Ne2 Rg8 23. Nd4 Qd7 24. Qe2 Rxd4 25. Rxd4 Qxd4 26. Rd1 Qc3 27. hxg4 hxg4 28. a4 Qf3 29. Qd2 Qxe4 30. Re1 Nf3+ 31. gxf3 gxf3+ 32. Kf1 Rg1+ 33. Kxg1 Qg4+ 34. Kh1 Qg2# 0-1

[Event "Sparkassen-Open A"]
[Site "Heusenstamm, Martinsee"]
[Date "2024.11.22"]
[Round "3.4"]
[White "Kesavan, Sarvesh"]
[Black "Joshi, Kanad"]
[Result "0-1"]
[WhiteElo "1669"]
[BlackElo "1732"]
[PlyCount "112"]
[EventDate "2024.11.21"]
[WhiteTeam "SK Bad Homburg 1927"]
[BlackTeam "SV Oberursel"]

1. e4 e5 2. Nf3 Nc6 3. Bc4 Nf6 4. d3 Bc5 5. c3 O-O 6. O-O h6 7. Re1 d6 8. h3 Re8 9. Nbd2 a6 10. a4 Be6 11. Ba2 b5 12. b4 Bb6 13. a5 Ba7 14. Nf1 Bxa2 15. Rxa2 d5 16. Ng3 d4 17. Qb3 dxc3 18. Qxc3 Nd4 19. Nh4 Nd5 20. exd5 Qxh4 21. Qxc7 Nf3+ 22. gxf3 Qxg3+ 23. Kf1 Qxh3+ 24. Ke2 Bxf2 25. Rf1 Bg3 26. Be3 Qh2+ 27. Bf2 Bxf2 28. Rxf2 Qf4 29. d6 Qd4 30. Rc2 Red8 31. Rc6 Qa7 32. Rb6 Rdc8 33. Qxa7 Rxa7 34. Ke3 Kf8 35. Ke4 f6 36. Kd5 Kf7 37. f4 exf4 38. Rxf4 g5 39. Rf2 h5 40. Re2 h4 41. Rc6 Rd8 42. Rec2 Rad7 43. Rc7 h3 44. Rxd7+ Rxd7 45. Kc6 Ke8 46. Kd5 g4 47. Rh2 Rg7 48. Ke6 Kd8 49. Kxf6 Rh7 50. Kg6 g3 51. Re2 Rd7 52. Kg5 g2 53. Rf2 g1=Q+ 54. Kh5 Qxf2 55. d4 Qg2 56. d5 Rh7# 0-1

[Event "Sparkassen-Open A"]
[Site "Heusenstamm, Martinsee"]
[Date "2024.11.22"]
[Round "3.5"]
[White "Gärtner, David"]
[Black "Kludszuweit, Kim Ira"]
[Result "1-0"]
[WhiteElo "1722"]
[BlackElo "1658"]
[PlyCount "58"]
[EventDate "2024.11.21"]
[WhiteTeam "Sfr.Mainz 1928"]
[BlackTeam "SF Essen-Werden 1924/"]

1. d4 d5 2. c4 c5 3. dxc5 e5 4. cxd5 Bxc5 5. e3 Nf6 6. Nc3 O-O 7. Be2 b6 8. a3 Bb7 9. b4 Be7 10. e4 a5 11. b5 Qc7 12. Bb2 Bc5 13. Nf3 Nh5 14. Na4 f6 15. Nxc5 bxc5 16. Nxe5 fxe5 17. Bxh5 Qd6 18. O-O Nd7 19. Bg4 Rad8 20. Bxd7 Rxd7 21. a4 Bc8 22. Bc3 Qc7 23. Qd2 Rf6 24. Bxa5 Qd6 25. Bc3 Rg6 26. f4 exf4 27. Qxf4 Rxg2+ 28. Kxg2 Qg6+ 29. Kh1 Rd8 1-0

[Event "Sparkassen-Open A"]
[Site "Heusenstamm, Martinsee"]
[Date "2024.11.22"]
[Round "3.6"]
[White "Negru, Maximilian"]
[Black "Welther, Patrick"]
[Result "1-0"]
[WhiteElo "1556"]
[BlackElo "1711"]
[PlyCount "59"]
[EventDate "2024.11.21"]
[WhiteTeam "SK Bad Homburg 1927"]
[BlackTeam "SC 1934 Gelnhausen"]

1. e4 d6 2. d4 Nf6 3. Nc3 g6 4. f4 Bg7 5. h3 c5 6. dxc5 Qa5 7. Bd3 Qxc5 8. Qe2 Nh5 9. Bb5+ Bd7 10. Bxd7+ Nxd7 11. Qf3 Bxc3+ 12. bxc3 O-O 13. Ne2 Nhf6 14. Nd4 Nxe4 15. Bb2 Ndf6 16. g4 Qb6 17. O-O-O Nc5 18. g5 Nfd7 19. h4 e5 20. Nb3 e4 21. Qh3 Ne6 22. h5 Nxf4 23. Qxd7 Rad8 24. Qg4 Qe3+ 25. Kb1 gxh5 26. Qf5 d5 27. c4 f6 28. gxf6 dxc4 29. Rhg1+ Ng6 30. Rxg6+ 1-0

[Event "Sparkassen-Open A"]
[Site "Heusenstamm, Martinsee"]
[Date "2024.11.22"]
[Round "3.7"]
[White "Hasenpflug, Till"]
[Black "Salomov, Asilbek"]
[Result "1-0"]
[WhiteElo "1710"]
[BlackElo "1589"]
[PlyCount "83"]
[EventDate "2024.11.21"]
[WhiteTeam "SK Bad Homburg 1927"]
[BlackTeam "Aachen"]

1. e4 e5 2. Nf3 Nc6 3. Bc4 Nf6 4. O-O Bc5 5. d4 Bxd4 6. Nxd4 Nxd4 7. Bg5 h6 8. Bh4 d6 9. f4 Nc6 10. fxe5 Nxe5 11. Bxf6 gxf6 12. Bb3 Qe7 13. Nc3 c6 14. Qd4 Be6 15. Rad1 Kd7 16. Ba4 Kc7 17. b4 a6 18. Bb3 c5 19. Nd5+ Bxd5 20. Qxd5 cxb4 21. Qa5+ b6 22. Qxb4 Rhg8 23. Bd5 Rab8 24. Qa4 Qd7 25. Qxd7+ Kxd7 26. Rxf6 Rg6 27. Rdf1 Ke7 28. R6f5 Rbg8 29. g3 R8g7 30. a4 Rg5 31. Rxg5 hxg5 32. Rb1 Nd7 33. Bc6 Rg8 34. Bxd7 Kxd7 35. Rxb6 Rc8 36. Rxa6 Rxc2 37. a5 Re2 38. Ra7+ Ke6 39. Ra8 Kd7 40. a6 Rxe4 41. a7 Ra4 42. Rf8 1-0

[Event "Sparkassen-Open A"]
[Site "Heusenstamm, Martinsee"]
[Date "2024.11.22"]
[Round "3.10"]
[White "Berkes, Jörg"]
[Black "Henn, Jochen"]
[Result "0-1"]
[WhiteElo "1836"]
[BlackElo "1693"]
[PlyCount "172"]
[EventDate "2024.11.21"]
[WhiteTeam "SK Langen"]
[BlackTeam "SC Bad Nauheim"]

1. Nf3 d5 2. g3 e6 3. Bg2 Nf6 4. O-O Be7 5. d3 Nbd7 6. Nbd2 O-O 7. e4 dxe4 8. dxe4 Rb8 9. e5 Nd5 10. a3 Bc5 11. c4 N5b6 12. Qc2 Re8 13. Ne4 Be7 14. Neg5 g6 15. Rd1 Bf8 16. Qe4 Qe7 17. b4 Bg7 18. Bh3 h6 19. Nxe6 fxe6 20. Qxg6 Qf7 21. Qe4 Nxc4 22. Bf4 b5 23. Qd4 Qh5 24. Bg2 Ncxe5 25. Nxe5 Nxe5 26. Bxe5 Bxe5 27. Qxa7 Bxa1 28. Rxa1 Qe5 29. Rc1 c6 30. Bxc6 Rd8 31. Qe7 Rf8 32. Rc2 Rb6 33. Qh4 Qg5 34. Qd4 Rb8 35. Rc5 Qf6 36. Qd6 Bb7 37. f4 Bxc6 38. Rxc6 Rbd8 39. Qxe6+ Qxe6 40. Rxe6 Kg7 41. Kf2 Rfe8 42. Rb6 Rd2+ 43. Kf3 Rd3+ 44. Kg4 Rxa3 45. Rxb5 Ra6 46. Rb7+ Kf6 47. b5 Rd6 48. Kh4 Ree6 49. Rh7 Kf5 50. Rf7+ Rf6 51. Re7 Rd5 52. Rb7 Ke4 53. Rb8 Kf3 54. b6 Rff5 55. g4 Rxf4 56. Rg8 Rb5 57. Rg6 h5 58. h3 hxg4 59. hxg4 Rf8 60. Rh6 Rg8 61. Rf6+ Ke4 62. Kg3 Rh8 63. Rf4+ Ke3 64. Rf3+ Ke2 65. Rf2+ Ke1 66. Rf6 Rd8 67. Re6+ Kd2 68. Rg6 Rdd5 69. Kh4 Ke3 70. Re6+ Kf4 71. Rf6+ Ke4 72. Re6+ Re5 73. Rg6 Rb1 74. Kg3 Reb5 75. Re6+ Kd5 76. Rf6 Rxb6 77. Rf5+ Ke6 78. Kh4 R6b5 79. Rf2 Rh1+ 80. Kg3 Rg1+ 81. Kh3 Rb4 82. Re2+ Kf6 83. Rf2+ Kg6 84. Rf8 Rb7 85. Rg8+ Rg7 86. Ra8 Rh7# 0-1

[Event "Sparkassen-Open A"]
[Site "Heusenstamm, Martinsee"]
[Date "2024.11.22"]
[Round "3.11"]
[White "Traut, Stefan"]
[Black "Bauer, Ottmar"]
[Result "0-1"]
[WhiteElo "1697"]
[BlackElo "1806"]
[PlyCount "100"]
[EventDate "2024.11.21"]
[WhiteTeam "SF Heusenstamm"]
[BlackTeam "TSV 1869 e. V. Rottendorf"]

1. d4 d5 2. Nf3 Bf5 3. e3 Nf6 4. c4 e6 5. Nc3 c6 6. Bd3 Bxd3 7. Qxd3 Nbd7 8. O-O Be7 9. b3 O-O 10. Bb2 Re8 11. Rac1 Bd6 12. cxd5 exd5 13. g3 Ne4 14. Nd2 Nxd2 15. Qxd2 Qg5 16. Rce1 Nf6 17. f3 Re6 18. Qg2 Rae8 19. e4 dxe4 20. fxe4 Bb4 21. e5 Bxc3 22. Bxc3 Nd5 23. Bd2 Qd8 24. Qh3 Qd7 25. Qg4 Nb6 26. Bc3 Rg6 27. Qxd7 Nxd7 28. Rf5 Rge6 29. Rff1 f6 30. exf6 Nxf6 31. Rxe6 Rxe6 32. Re1 Kf7 33. Kf2 Ne4+ 34. Rxe4 Rxe4 35. Kf3 Re8 36. Bb4 Ke6 37. Ke4 b6 38. a4 Rd8 39. Bc3 a5 40. Bb2 Rf8 41. Ke3 Kd5 42. Ke2 g6 43. Bc3 Rb8 44. Kd3 Ra8 45. Bd2 b5 46. Bf4 bxa4 47. bxa4 Re8 48. Bd2 Re4 49. Bc3 c5 50. dxc5 Rxa4 0-1